书目信息 |
| 题名: |
图说论语100名言
|
|
| 作者: | 赵炳臣 著 | |
| 分册: | ||
| 出版信息: | 南宁 广西人民出版社 2007 |
|
| 页数: | 201页 | |
| 开本: | 24cm | |
| 丛书名: | 中华经典名言系列 | |
| 单 册: | ||
| 中图分类: | B222.22 , B222.2-49 | |
| 科图分类: | ||
| 主题词: | 儒家 , 先秦哲学 | |
| 电子资源: | ||
| ISBN: | 978-7-219-05782-7 | |
| 000 | 01049oam2 2200325 450 | |
| 001 | 1157995841 | |
| 005 | 20110929160834.04 | |
| 010 | @a978-7-219-05782-7@dCNY19.80 | |
| 100 | @a20070104d2007 em y0chiy50 ea | |
| 101 | 0 | @achi |
| 102 | @aCN@b450000 | |
| 105 | @aa z 000yy | |
| 106 | @ar | |
| 200 | 1 | @a图说论语100名言@f赵炳臣著@Atu shuo lun yu 100 ming yan |
| 210 | @a南宁@c广西人民出版社@d2007 | |
| 215 | @a201页@d24cm | |
| 225 | 2 | @a中华经典名言系列 |
| 305 | @a香港中华书局中国内地唯一授权简体版 | |
| 308 | @a丛书第一辑 | |
| 330 | @a本书从《论语》中精选出100句经典名言,回溯历史时空,详细介绍名言的出处和背景,传递古人智慧,进而腾跃时空,以发人深省的相关历史任务故事印证这些名言的涵义。 | |
| 461 | 0 | @1001003405212 |
| 605 | @a论语@j通俗读物 | |
| 605 | @a论语 | |
| 606 | 0 | @a儒家 |
| 606 | 0 | @a先秦哲学 |
| 690 | @aB222.22@v4 | |
| 690 | @aB222.2-49@v4 | |
| 701 | 0 | @a赵炳臣@f(1964~)@4著@Azhao bing chen |
| 801 | 0 | @aCN@b大连网信软件有限公司图书馆·11@c20110929 |
| 905 | @a10447@dB222.2-49@eJY145 | |
| 图说论语100名言/赵炳臣著.-南宁:广西人民出版社,2007 |
| 201页;24cm .-(中华经典名言系列 ) |
| ISBN 978-7-219-05782-7:CNY19.80 |
| 本书从《论语》中精选出100句经典名言,回溯历史时空,详细介绍名言的出处和背景,传递古人智慧,进而腾跃时空,以发人深省的相关历史任务故事印证这些名言的涵义。 |
| ● |
| 相关链接 |
|
|
|
|
正题名:图说论语100名言
索取号:B222.2-49/JY145
 
预约/预借
| 序号 | 登录号 | 条形码 | 馆藏地/架位号 | 状态 | 备注 |
| 1 | 7824653 | 278246532 | 学院路分馆/ [索取号:B222.2-49/JY145] | 在馆 | |
| 2 | 7824654 | 278246541 | 学院路分馆/ [索取号:B222.2-49/JY145] | 在馆 | |
| 3 | 7824806 | 278248068 | 学院路分馆/ [索取号:B222.2-49/JY145] | 在馆 | |
| 4 | 7824807 | 278248077 | 学院路分馆/ [索取号:B222.2-49/JY145] | 在馆 |